| 000 | 00585nam a2200181 a 4500 | ||
|---|---|---|---|
| 005 | 20231025063703.0 | ||
| 008 | 991125s1966 ea 000 0 eng u | ||
| 035 | _aUPN01000031902 | ||
| 049 | _aCG | ||
| 050 | 4 |
_aBF11 _bA4.5 |
|
| 110 | 2 | _aAmerican Psychological Association | |
| 245 | 0 | 0 |
_aInternational opportunities for advanced training and research in pshychology / _cAmerican Psychological Association. |
| 260 |
_aWashington : _bA.P.A., _c1966. |
||
| 300 | _a395 p. | ||
| 650 | 2 |
_aInvestigacion psicológica _915795 |
|
| 650 | 4 |
_aPSICOLOGIA - _xSOCIEDADES, ETC. |
|
| 905 | _aLibro | ||
| 999 |
_c31902 _d31902 |
||